00638nam a2200181 a 450000100100000000500170001000800410002704000250006808200150009310000420010824500380015026000380018830000270022650000640025304900090031795201130032699900170043900002976020200930055803.0110425s2004 dr r 000 0 spa d aDO-SdBNPbspacBNPHU axxxbS237s1 aSantos, Domingo de los,d1944-92658310aSombras /cDomingo de los Santos. aSanto Domingo :b[s.n.],c[198?]. a90 p. :bil. ;c21 cm. aIncluye datos biográficos del autor en la contracubierta. aBNPD 0010718PDaPDbPDcHDd2011-07-07iLF1l0oxxx S237sp29760-10r2020-06-25w2020-06-25yLFPDZNo se presta c29252d29252